00533cam a22001457a 4500008004000000082001500040100002000055245008100075260003000156300001000186650004300196650004300239999001900282952008600301180718b2006 xxu||||| |||| 00| 0 eng d aDx517 So58 aSoni, Sharad K. aMongolia- china relations : modern and contemporary timescby Sharad K. Soni aNew DelhibPentagonc2006 a328p. aChina -- Foreign relations -- Mongolia aMongolia -- Foreign relations -- China c444412d444412 00104070aIIPAbIIPAd2015-05-05oDx517 So58p86096r2018-07-21w2018-07-21yBK